000 00659nam a22002057a 4500
005 20170630144753.0
010 _aENG-118623
020 _a9780199474905
_c395.00
020 _a0199474907
_c395.00
035 _aEN-102155
037 _bDBAD/PUB
082 _a784.40954
100 _aBooth, Gregory D.
245 _aBrass baja :
_cby Gregory D. Booth
_bStories from the world of indian wedding bands /
260 _aNew Delhi
_bOxford University Press
_c2016
270 _aYMCA Library Building, 1 Jai Singh Road, New Delhi-110001
300 _aviii,335p
_c22cm.(pbk)
500 _aIncluded Index
942 _2ddc
_cEN
_h784.40954
_mBOO
999 _c141086
_d141086